Agritechnica 2009 - 5 zlatých a 28 strieborných medailí pre novinky výrobcovia poľnohospodárskej techniky sú novinkami rozhodnutí posúriť trhy

Bibliographic Details
Main Author: Ďuďák, Jozef, 1958- (Author)
Format: Article
Language:Slovak
PhysicalDescription:Fotogr.
ISSN:1335-6178
Subjects:

MARC

LEADER 00000nab a2200000 a 4500
001 vtls010025206
003 SK-MaSNL
005 20260304160024.0
008 250507c2009 xo |||||||||||000 b|slo
015 |a SNBRB2009/11  |2 snkbucl 
035 |a (uuid)0ab9c12c-ccfd-4c72-b9e9-f4a4f8c08abb 
035 |a urn:nbn:sk:snk-ab1zcm 
035 |a (urnnbn)urn:nbn:sk:snk:ar-a01aub 
038 |a SNKBUCL 
040 |a SNKBUCL  |b slo  |c SNKBUCL  |e AACR2 
041 0 |a slo 
044 |a xo  |c SK 
080 |a 631.3:061.43  |x (100)  |2 1997 
100 1 |a Ďuďák, Jozef,  |d 1958-  |4 aut  |9 241691 
245 1 0 |a Agritechnica 2009 - 5 zlatých a 28 strieborných medailí pre novinky  |b výrobcovia poľnohospodárskej techniky sú novinkami rozhodnutí posúriť trhy  |c Jozef Ďuďák 
300 |b Fotogr. 
611 2 7 |a Agritechnica  |d (2009 :  |c Hannover, Nemecko)  |2 snkbucl  |9 1252502 
650 0 7 |a poľnohospodárska technika  |2 snkbucl  |9 681 
650 0 7 |a poľnohospodárske stroje  |2 snkbucl  |9 3574 
773 0 |t Moderná mechanizácia v poľnohospodárstve  |g Roč. XII, č. 11 (2009), s. 20-21  |x 1335-6178 
850 |a Slovenská národná knižnica 
852 |a Slovenská národná knižnica 
954 |a odborná, vedecká literatúra pôvodná (slovenská)  |2 lita 
958 |a article27 
958 |a DE 
958 |a OND 
958 |a EUIPO 
999 |c 2965126  |d 2967056